Formel 1 - Top 30 Fahrer nach Punkten - Statistiken

Allgemein
  • Dieses Quiz wurde 262 mal gespielt
  • Das Durchschnittsergebnis liegt bei 23 aus 30
Antwortstatistiken
Rang Nationalität Punkte Antwort % Korrekt
2 Niederlande 3452,5 Max Verstappen
100%
3 Deutschland 3098 Sebastian Vettel
100%
4 Spanien 2393 Fernando Alonso
99%
1 Großbritannien 5051,5 Lewis Hamilton
99%
10 Deutschland 1566 Michael Schumacher
99%
7 Monaco 1706 Charles Leclerc
96%
5 Finnland 1873 Kimi Räikkönen
94%
8 Mexiko 1638 Sergio Perez
93%
9 Deutschland 1594,5 Nico Rosberg
92%
6 Finnland 1797 Valtteri Bottas
91%
22 Brasilien 614 Ayrton Senna
90%
28 Österreich 420,5 Niki Lauda
88%
12 Spanien 1338,5 Carlos Sainz
84%
11 Großbritannien 1445 Lando Norris
83%
13 Australien 1338 Daniel Ricciardo
80%
29 Finnland 420 Mika Häkkinen
77%
19 Frankreich 798,5 Alain Prost
76%
18 Australien 799 Oscar Piastri
76%
21 Deutschland 622 Nico Hülkenberg
74%
14 Großbritannien 1235 Jenson Button
72%
17 Australien 1047,5 Mark Webber
70%
15 Brasilien 1167 Felipe Massa
67%
16 Großbritannien 1084 George Russell
65%
27 Frankreich 467 Pierre Gasly
63%
25 Frankreich 483 Esteban Ocon
59%
20 Brasilien 658 Rubens Barrichello
57%
24 Brasilien 485,5 Nelson Piquet
53%
30 Österreich 385 Gerhard Berger
43%
26 Großbritannien 482 Nigel Mansell
43%
23 Großbritannien 535 David Coulthard
37%
Keine übereinstimmenden Quizze gefunden
Verteilung der Resultate
Anzahl Personen mit jedem Resultat
Perzentil nach korrekt beantworteten Fragen
Ihre Resultats-Entwicklung
Sie haben dieses Quiz noch nicht gespielt